| 000 | 00585nam a2200205Ia 4500 | ||
|---|---|---|---|
| 005 | 20260429112057.0 | ||
| 008 | 260429s9999||||xx |||||||||||||| ||und|| | ||
| 020 | _a9788126940165 | ||
| 041 | _aEnglish | ||
| 082 |
_a572.8 _bGUL |
||
| 100 | _aGuleria, Shivani Jaggi | ||
| 245 | 0 |
_aFundamentals of plant biochemistry and biotechnology / _cShivani Jaggi Guleria |
|
| 250 | _a1st ed. | ||
| 260 |
_aNew Delhi : _bAtlantic Publishers and Distributors, _c2025. |
||
| 300 | _axiv, 294 p.; hb | ||
| 650 | _a Biotechnology | ||
| 650 | _a Plant | ||
| 650 | _aBiochemistry | ||
| 942 | _cTB | ||
| 999 |
_c52228 _d52228 |
||